000 00893nam a22002894a 4500
001 UByD004238
003 AR-LpoUNG
005 20260107114522.0
008 250930s2023 ag a br 000 1 spa d
020 _a9789874997036
040 _aAR-LpoUNG
_bspa
_cAR-LpoUNG
_eaacr
041 0 _aspa
082 0 _a808.068 3 668ver
100 1 _aBodoc, Liliana
245 1 4 _aUna versión de Dios
250 _a1ra. ed.
260 _aBuenos Aires :
_bLa Central,
_c2023.
300 _a[63] p. :
_bil.
490 0 _aIdentidades bonaerenses
505 0 _aSugerido a partir de los 8 años (etiqueta celeste).
650 4 _aLiteratura argentina
650 4 _aCuentos
653 0 _aLiteratura infantil
700 1 _aStok, Ana Luisa
942 _2ddc
_cLIB
999 _c67229
_d67229